Merveille - Jean Louis Aubert - Statistiques

Statistiques générales
  • Ce quiz a été pris 22 fois
  • Le résultat moyen est 186 sur 280
Statistiques - réponses
Réponse % Correct
à
100%
ce
100%
la
100%
me
100%
un
100%
Un
100%
une
100%
C'est
93%
de
93%
le
93%
mer
93%
merveille
93%
au
86%
Et
86%
Je
86%
je
86%
les
86%
On
86%
on
86%
soleil
86%
vie
86%
Avec
79%
ça
79%
es
79%
m'a
79%
pas
79%
Pas
79%
plus
79%
sans
79%
va
79%
belle
71%
dans
71%
est
71%
que
71%
qui
71%
Qui
71%
se
71%
tout
71%
tu
71%
cette
64%
Cette
64%
donné
64%
grand
64%
mes
64%
moi
64%
pareil
64%
sur
64%
te
64%
tous
64%
vais
64%
autre
57%
ciel
57%
Même
57%
peu
57%
pour
57%
si
57%
côté
50%
danser
50%
descendre
50%
deux
50%
dit
50%
escalier
50%
mon
50%
nulle
50%
septième
50%
ses
50%
Viens
50%
aux
43%
câliner
43%
côtés
43%
j'ai
43%
jeunes
43%
mal
43%
mieux
43%
petit
43%
pieds
43%
qu'il
43%
Regarde
43%
s'aimer
43%
sous
43%
toi
43%
vieux
43%
Amoureux
36%
cactus
36%
dois
36%
Eviter
36%
monde
36%
pierres
36%
plonger
36%
scintille
36%
attachées
29%
brûler
29%
caresser
29%
fait
29%
lâcher
29%
manger
29%
m'asseoir
29%
moins
29%
noyer
29%
ôté
29%
petits
29%
Regarder
29%
Rendre
29%
rendre
29%
Reprendre
29%
rocher
29%
arrêter
21%
J'aurai
21%
m'ensorcelle
21%
m'estropier
21%
véganiser
21%
vraiment
21%
Aujourd'hui
14%
cieux
14%
Aucun quiz correspondant
Distribution des résultats
% des personnes avec chaque résultat
Percentile par nombre de réponses
Votre historique - résultats
Vous n’avez pas pris ce quiz